[Event "FRA-chT Top 12"]
[Site "Brest"]
[Date "2018.05.30"]
[Round "5"]
[White "Koch, Jean Rene"]
[Black "Kosteniuk, Alexandra"]
[Result "1/2-1/2"]
[WhiteElo "2454"]
[BlackElo "2555"]
[PlyCount "121"]
[EventDate "2018.05.26"]
[EventType "team-tourn"]
[EventRounds "11"]
[EventCountry "FRA"]
[SourceTitle "EXT 2019"]
[Source "ChessBase"]
[SourceDate "2018.10.10"]
[SourceVersion "1"]
[SourceVersionDate "2018.10.10"]
[SourceQuality "1"]
[WhiteTeam "Metz Fischer"]
[BlackTeam "Clichy Echecs 92"]
[WhiteTeamCountry "FRA"]
[BlackTeamCountry "FRA"]
[TimeControl "40/5400+30:1800+30"]

1. c4 {[%emt 0:00:00]} e5 {[%emt 0:00:05]} 2. Nc3 {[%emt 0:00:05]} Nf6 {
[%emt 0:00:06]} 3. Nf3 {[%emt 0:00:31]} Nc6 {[%emt 0:00:19]} 4. e3 {[%emt 0:00:
09]} Bb4 {[%emt 0:00:20]} 5. Qc2 {[%emt 0:01:38]} Bxc3 {[%emt 0:00:34]} 6. Qxc3
{[%emt 0:00:39]} Qe7 {[%emt 0:01:14]} 7. a3 {[%emt 0:01:00]} d5 {[%emt 0:05:26]
} 8. d4 {[%emt 0:01:13]} exd4 {[%emt 0:03:38]} 9. Nxd4 {[%emt 0:00:07]} Nxd4 {
[%emt 0:02:10]} 10. Qxd4 {[%emt 0:00:07]} O-O {[%emt 0:01:36]} (10... c5 11.
Qh4 dxc4 12. Bxc4 Be6 13. Bb5+ Nd7 14. Qxe7+ Kxe7 15. Bd2 Rac8 16. Rc1 Rhd8 17.
Ba5 b6 18. Bc3 f6 19. O-O Bb3 {1/2-1/2 (19) Vitiugov,N (2720)-Tomashevsky,E 
(2707) Olginka 2011}) 11. c5 {[%emt 0:24:57]} a5 {[%emt 0:03:28]} 12. b3 {
[%emt 0:20:36]} b6 {[%emt 0:13:06]} 13. c6 {[%emt 0:02:10]} Ba6 $146 {[%emt 0:
17:54]} (13... Qe6 14. Bb5 Ba6 15. a4 Bxb5 16. axb5 Qf5 17. Bb2 Rfd8 18. Rc1
Qe4 19. O-O Qxd4 20. Bxd4 Ne4 21. Be5 Ra7 22. Rfd1 f6 23. Ba1 Kf7 24. f3 Nc5
25. Rb1 a4 26. bxa4 Rxa4 {1/2-1/2 (26) Wojna,G (2263)-Kubicki,T (2312) ICCF
email 2003}) 14. Bxa6 {[%emt 0:06:39]} Rxa6 {[%emt 0:00:02]} 15. Bb2 {[%emt 0:
02:18]} Rd8 {[%emt 0:10:20]} 16. Rc1 {[%emt 0:01:36]} Qe6 {[%emt 0:08:01]} 17.
O-O {[%emt 0:08:39]} Rd6 {[%emt 0:00:57]} 18. Rfd1 {[%emt 0:04:47]} Ra8 {
[%emt 0:04:04]} 19. Qc3 {[%emt 0:03:25]} Qg4 {[%emt 0:04:53]} 20. h3 Qg6 {
[%emt 0:00:46]} 21. Qc2 {[%emt 0:09:59]} Re8 {[%emt 0:01:23]} 22. Qxg6 {
[%emt 0:00:53]} hxg6 {[%emt 0:00:00]} 23. Bd4 {[%emt 0:00:23]} Ne4 {[%emt 0:01:
35]} 24. f3 {[%emt 0:03:45]} Ng3 {[%emt 0:00:45]} 25. Kf2 {[%emt 0:01:46]} Nf5
{[%emt 0:00:05]} 26. g4 {[%emt 0:00:46]} Nxd4 {[%emt 0:01:25]} 27. Rxd4 {
[%emt 0:00:05]} Ree6 {[%emt 0:00:24]} 28. b4 {[%emt 0:00:48]} axb4 {[%emt 0:01:
07]} 29. axb4 {[%emt 0:00:05]} Rxc6 {[%emt 0:00:03]} 30. Rxc6 {[%emt 0:00:08]}
Rxc6 {[%emt 0:00:04]} 31. Rxd5 {[%emt 0:00:06]} Rc2+ {[%emt 0:00:35]} 32. Kg3
Kf8 33. e4 {[%emt 0:02:50]} Ke7 {[%emt 0:04:41]} 34. b5 {[%emt 0:01:24]} c6 $1
$11 {[%emt 0:14:17]} 35. bxc6 {[%emt 0:00:05]} Rxc6 {[%emt 0:00:01]} 36. Kf4 {
[%emt 0:01:19]} Rc8 {[%emt 0:00:56]} 37. h4 {[%emt 0:00:44]} Rb8 {[%emt 0:00:
07]} 38. Rb5 {[%emt 0:01:23]} Kd6 {[%emt 0:00:02]} 39. Ke3 {[%emt 0:00:59]} Kc6
{[%emt 0:01:41]} 40. Re5 {[%emt 0:00:49]} b5 {[%emt 0:31:09]} 41. Kd2 {[%emt 0:
06:59]} Rd8+ {[%emt 0:00:00]} 42. Kc3 {[%emt 0:04:30]} Rd6 {[%emt 0:00:00]} 43.
f4 {[%emt 0:05:24]} Rd7 {[%emt 0:00:00]} 44. Re8 {[%emt 0:00:53]} Ra7 {[%emt 0:
00:00]} 45. Rg8 {[%emt 0:05:10]} f5 {[%emt 0:00:00]} 46. exf5 {[%emt 0:02:17]}
gxf5 {[%emt 0:00:00]} 47. g5 {[%emt 0:00:49]} Kd5 {[%emt 0:00:00]} 48. Re8 {
[%emt 0:01:47]} Ra3+ {[%emt 0:00:00]} 49. Kb2 {[%emt 0:01:30]} Rh3 {[%emt 0:00:
00]} 50. Re5+ {[%emt 0:00:57]} Kc4 {[%emt 0:00:00]} 51. Rxf5 {[%emt 0:00:24]}
Rxh4 {[%emt 0:00:00]} 52. Rf7 {[%emt 0:00:46]} Rh2+ {[%emt 0:00:00]} 53. Kc1 {
[%emt 0:00:20]} g6 {[%emt 0:00:00]} 54. f5 {[%emt 0:01:13]} gxf5 {[%emt 0:00:
00]} 55. Rxf5 {[%emt 0:00:07]} Rg2 {[%emt 0:00:00]} 56. Kb1 {[%emt 0:00:36]} b4
{[%emt 0:00:00]} 57. Rf4+ {[%emt 0:00:23]} Kb3 {[%emt 0:00:00]} 58. Rf3+ {
[%emt 0:00:05]} Ka4 {[%emt 0:00:00]} 59. Rh3 {[%emt 0:00:17]} b3 {[%emt 0:00:
00]} 60. Rh8 {[%emt 0:00:15]} Rxg5 {[%emt 0:00:00]} 61. Ra8+ {[%emt 0:00:06]}
1/2-1/2

[Event "FRA-chT Top 12"]
[Site "Brest"]
[Date "2018.05.31"]
[Round "6.4"]
[White "Hamitevici, Vladimir"]
[Black "Kosteniuk, Alexandra"]
[Result "0-1"]
[WhiteElo "2508"]
[BlackElo "2555"]
[PlyCount "76"]
[EventDate "2018.05.26"]
[EventType "team-tourn"]
[EventRounds "11"]
[EventCountry "FRA"]
[SourceTitle "EXT 2019"]
[Source "ChessBase"]
[SourceDate "2018.10.10"]
[SourceVersion "1"]
[SourceVersionDate "2018.10.10"]
[SourceQuality "1"]
[WhiteTeam "Vandoeuvre"]
[BlackTeam "Clichy Echecs 92"]
[WhiteTeamCountry "FRA"]
[BlackTeamCountry "FRA"]

1. e4 e5 2. Nf3 Nc6 3. c3 d5 4. Qa4 Nf6 5. Nxe5 Bd6 6. Nxc6 bxc6 7. d3 O-O 8.
Nd2 Re8 9. Be2 Bg4 10. f3 (10. Qd1 Bxe2 11. Qxe2 dxe4 12. dxe4 Nxe4 13. Nxe4
Qh4 14. g4 f5 15. Be3 Rxe4 16. gxf5 Qh3 17. f6 Qe6 18. fxg7 Rb8 19. b3 a5 20.
Rd1 a4 21. Qf3 axb3 22. axb3 Re8 23. Rd4 Rxd4 24. cxd4 Qxb3 25. Qxc6 Rxe3+ 26.
fxe3 Qxe3+ 27. Kf1 Qd3+ 28. Kf2 Qd2+ 29. Kf1 Qd3+ 30. Kf2 Qd2+ 31. Kf1 {
1/2-1/2 (31) Nakamura,H (2775)-Svidler,P (2769) Stavanger 2013}) 10... Bc8 $146
(10... Bd7 11. Qd4 Qe7 12. Qf2 Nh5 13. Nb3 a5 14. Be3 Rab8 15. Bf1 f5 16. Nc5
Be6 17. g3 Bf7 18. Bg2 f4 19. gxf4 Nxf4 20. Bxf4 Bxf4 21. d4 Qg5 22. h4 Qh6 23.
b3 dxe4 24. fxe4 Bh5 25. Rh3 Bg4 26. Rg3 Bxg3 27. Qxg3 Rf8 28. e5 Bf3 29. Kf2
Qd2+ 30. Kg1 Bxg2 31. Ne6 Rf7 32. Qxg2 Qe3+ 33. Kh1 Re8 34. Ng5 Rf4 {0-1 (34)
Schatz,H (2274)-Leisebein,P (2390) Remote email 2012}) 11. Qd4 Qe7 12. Qf2 Ba6
13. Kd1 Rad8 14. Kc2 Bf4 15. d4 (15. Qxa7 Bb5 16. a4 Ra8 17. Qf2 Rxa4 18. Rxa4
Bxa4+ 19. Kb1 $13) 15... Bxe2 16. Qxe2 Bxd2 17. Bxd2 dxe4 18. Bg5 c5 19. Rad1
cxd4 20. cxd4 h6 21. Bc1 Qb4 22. Kb1 Rxd4 23. Rxd4 Qxd4 24. Rd1 Qb6 25. fxe4
Nxe4 26. Qc4 Nd6 27. Qd4 Re2 28. Qg4 Qf2 29. g3 Re4 30. Qh5 Rc4 31. Rd2 Qf6 32.
Qe2 Qf5+ 33. Qd3 Ne4 34. Rc2 Rxc2 35. Qxc2 c5 36. Ka1 Nxg3 37. Qa4 Qf1 38. Qf4
g5 0-1

[Event "FRA-chT Top 12"]
[Site "Brest"]
[Date "2018.06.02"]
[Round "8"]
[White "Abergel, Thal"]
[Black "Kosteniuk, Alexandra"]
[Result "0-1"]
[WhiteElo "2429"]
[BlackElo "2555"]
[PlyCount "62"]
[EventDate "2018.05.26"]
[EventType "team-tourn"]
[EventRounds "11"]
[EventCountry "FRA"]
[SourceTitle "EXT 2019"]
[Source "ChessBase"]
[SourceDate "2018.10.10"]
[SourceVersion "1"]
[SourceVersionDate "2018.10.10"]
[SourceQuality "1"]
[WhiteTeam "Tremblay en France"]
[BlackTeam "Clichy Echecs 92"]
[WhiteTeamCountry "FRA"]
[BlackTeamCountry "FRA"]
[TimeControl "40/5400+30:1800+30"]

1. e4 {[%emt 0:03:01]} c6 {[%emt 0:00:06]} 2. d4 {[%emt 0:00:21]} d5 {[%emt 0:
00:05]} 3. Nc3 {[%emt 0:00:03]} dxe4 {[%emt 0:00:05]} 4. Nxe4 {[%emt 0:00:04]}
Bf5 {[%emt 0:00:06]} 5. Ng3 {[%emt 0:00:30]} Bg6 {[%emt 0:00:10]} 6. Nh3 {
[%emt 0:01:13]} Nd7 {[%emt 0:00:15]} 7. Nf4 {[%emt 0:02:22]} (7. Bc4 e6 8. Nf4
Bd6 9. Nxg6 hxg6 10. Ne4 Ndf6 11. Ng5 Nd5 12. h4 Ngf6 13. Bd2 Qc7 14. Qe2 Bf4
15. O-O-O Bxd2+ 16. Rxd2 O-O-O 17. g3 Rd7 18. Rhd1 Rhd8 19. Bb3 Qa5 20. Nf3 Re7
21. Kb1 Nb6 22. Rd3 Qh5 23. Qe1 Qb5 24. a4 Qf5 25. Ng5 Nbd5 26. c4 Nc7 27. Bc2
Qg4 28. Qb4 Red7 29. Nf3 Na6 30. Qe1 Qh5 31. Ne5 Re7 32. b4 Nd7 33. Nf3 Rde8
34. b5 Nc7 35. bxc6 bxc6 36. Ne5 Nxe5 {Piorun,K (2633)-Bartel,M (2604) Warsaw
2018 1-0}) 7... Qc7 {[%emt 0:00:19]} 8. Be3 {[%emt 0:15:06]} O-O-O $146 {
[%emt 0:07:31]} (8... e6 9. c3 Bd6 10. Ngh5 O-O-O 11. Qf3 e5 12. dxe5 Nxe5 13.
Qh3+ Kb8 14. Be2 Ne7 15. g4 Be4 16. f3 Bd5 17. Qg2 g6 18. Nf6 Nxf3+ 19. Bxf3
Bxf4 20. Bxf4 Qxf4 21. O-O Bc4 22. Be2 Qe3+ 23. Rf2 Bxe2 {0-1 (23) Movileanu,D
(2192)-Goryachkina,A (2478) Reykjavik 2015}) 9. Nxg6 {[%emt 0:07:40]} hxg6 {
[%emt 0:00:07]} 10. Qf3 {[%emt 0:00:29]} Qa5+ {[%emt 0:07:33]} 11. c3 {[%emt 0:
01:13]} f5 {[%emt 0:10:38]} 12. b4 {[%emt 0:14:33]} Qc7 {[%emt 0:04:32]} 13.
O-O-O {[%emt 0:04:39]} Ngf6 {[%emt 0:01:38]} 14. Bf4 {[%emt 0:01:11]} e5 {
[%emt 0:02:31]} 15. dxe5 {[%emt 0:00:06]} Nd5 {[%emt 0:00:16]} 16. Bc4 {
[%emt 0:04:54]} Nxf4 {[%emt 0:07:51]} 17. Qxf4 {[%emt 0:00:44]} Qxe5 {[%emt 0:
10:48]} 18. Qd2 $2 {[%emt 0:02:26]} (18. Qxe5) 18... Bxb4 $1 {[%emt 0:08:57]}
19. cxb4 {[%emt 0:11:30]} Nb6 {[%emt 0:00:06]} 20. Bd3 {[%emt 0:02:08]} Qa1+ {
[%emt 0:05:04]} 21. Kc2 {[%emt 0:02:40]} Qxa2+ {[%emt 0:00:05]} 22. Kc1 {
[%emt 0:00:03]} Qa1+ {[%emt 0:00:12]} 23. Kc2 {[%emt 0:00:06]} Qa2+ {[%emt 0:
01:17]} 24. Kc1 {[%emt 0:00:03]} Qa3+ {[%emt 0:00:24]} 25. Kc2 {[%emt 0:02:06]}
Na4 {[%emt 0:04:06]} 26. Rb1 {[%emt 0:01:52]} Rxd3 {[%emt 0:05:29]} 27. Qxd3 {
[%emt 0:00:38]} Qa2+ {[%emt 0:00:04]} 28. Kc1 {[%emt 0:00:36]} Rd8 {[%emt 0:00:
02]} 29. Qc2 {[%emt 0:03:45]} Qa3+ {[%emt 0:00:06]} 30. Rb2 {[%emt 0:00:04]}
Rd3 {[%emt 0:13:30]} 31. Ne2 {[%emt 0:00:59]} Nxb2 {[%emt 0:00:13]} 0-1

[Event "FRA-chT Top 12"]
[Site "Brest"]
[Date "2018.06.03"]
[Round "9"]
[White "Kosteniuk, Alexandra"]
[Black "Edouard, Romain"]
[Result "0-1"]
[WhiteElo "2555"]
[BlackElo "2621"]
[PlyCount "138"]
[EventDate "2018.05.26"]
[EventType "team-tourn"]
[EventRounds "11"]
[EventCountry "FRA"]
[SourceTitle "EXT 2019"]
[Source "ChessBase"]
[SourceDate "2018.10.10"]
[SourceVersion "1"]
[SourceVersionDate "2018.10.10"]
[SourceQuality "1"]
[WhiteTeam "Clichy Echecs 92"]
[BlackTeam "Bischwiller"]
[WhiteTeamCountry "FRA"]
[BlackTeamCountry "FRA"]
[TimeControl "40/5400+30:1800+30"]

1. e4 {[%emt 0:00:00]} c5 {[%emt 0:00:04]} 2. Nf3 {[%emt 0:00:00]} d6 {[%emt 0:
00:04]} 3. d4 {[%emt 0:00:00]} cxd4 {[%emt 0:00:04]} 4. Nxd4 {[%emt 0:00:00]}
Nf6 {[%emt 0:00:04]} 5. Nc3 {[%emt 0:00:00]} Nc6 {[%emt 0:00:07]} 6. Bg5 {
[%emt 0:00:01]} e6 {[%emt 0:00:16]} 7. Qd2 {[%emt 0:00:06]} Qb6 {[%emt 0:00:22]
} (7... a6) 8. Bxf6 {[%emt 0:00:32]} gxf6 {[%emt 0:00:09]} 9. Nb3 {[%emt 0:00:
09]} a6 {[%emt 0:00:13]} 10. Be2 {[%emt 0:00:27]} (10. O-O-O Qc7 11. Be2 h5 12.
f4 b5 13. a3 Rb8 14. Kb1 b4 15. axb4 Nxb4 16. Nb5 Qxc2+ 17. Qxc2 Nxc2 18. Nxd6+
Bxd6 19. Rxd6 Nb4 20. Na5 Bb7 21. Bf3 Ba8 22. Rc1 O-O 23. Rc7 Rfd8 24. Rxd8+
Rxd8 25. Nb7 Bxb7 26. Rxb7 a5 27. Rb5 Rd2 28. Rxh5 Nd3 29. Rb5 Nxf4 30. Rxa5
Nxg2 31. Rc5 Ne1 32. Rc3 Rxh2 33. Bd1 Rd2 34. Kc1 Rd4 35. Be2 Kf8 36. Rc4 Rxc4+
37. Bxc4 Ke7 38. Kd2 Nf3+ 39. Kc3 Kd6 {Bosiocic,M (2605)-Kozul,Z (2611) Pozega
2018 1/2-1/2}) 10... Qc7 {[%emt 0:01:41]} 11. Qf4 {[%emt 0:09:13]} Be7 {
[%emt 0:14:16]} 12. O-O-O {[%emt 0:09:00]} h5 {[%emt 0:17:11]} 13. Kb1 $146 {
[%emt 0:08:07]} (13. Qg3 Kf8 14. f4 b5 15. Bf3 Rb8 16. Kb1 b4 17. Ne2 a5 18.
Nbd4 Nxd4 19. Nxd4 a4 20. Qe1 Rb6 21. Rf1 Ba6 22. Be2 Bb7 23. Bf3 h4 24. Qf2 a3
25. Rd2 axb2 26. Rfd1 Ra6 27. Qe3 Kg7 28. Kxb2 Rha8 29. Ra1 Kg8 30. Rd3 Bf8 31.
f5 e5 32. Nb3 Rc6 33. Re1 Kh7 34. Qf2 Bh6 35. Rdd1 Rxc2+ 36. Qxc2 Rxa2+ 37.
Kxa2 Qxc2+ 38. Ka1 Ba6 {0-1 (38) Sinprayoon,P (2245)-Spraggett,K (2525) Dubai
1986}) 13... Bd7 {[%emt 0:06:25]} 14. Qe3 {[%emt 0:06:27]} b5 {[%emt 0:05:11]}
15. Bd3 {[%emt 0:28:35]} Qa7 $1 {[%emt 0:02:55]} 16. Qxa7 {[%emt 0:07:26]} Rxa7
$11 {[%emt 0:00:27]} 17. f4 {[%emt 0:02:43]} Bc8 {[%emt 0:04:43]} 18. Rhe1 {
[%emt 0:06:00]} Rd7 {[%emt 0:00:44]} 19. Re3 {[%emt 0:00:55]} Bf8 {[%emt 0:14:
11]} 20. Rh3 {[%emt 0:01:44]} h4 {[%emt 0:00:35]} 21. Be2 {[%emt 0:01:42]} Bg7
{[%emt 0:03:15]} 22. a3 {[%emt 0:01:52]} Rd8 {[%emt 0:00:44]} 23. Bg4 {[%emt 0:
02:07]} Bb7 {[%emt 0:03:56]} 24. Rhd3 {[%emt 0:08:29]} Bh6 {[%emt 0:00:58]} 25.
Ne2 {[%emt 0:01:16]} Ke7 {[%emt 0:01:03]} 26. Bf3 {[%emt 0:00:38]} Ba8 {
[%emt 0:05:00]} 27. Nd2 {[%emt 0:00:48]} Na7 {[%emt 0:05:00]} 28. c4 {[%emt 0:
00:28]} (28. Nf1 a5 29. Ne3 Rhg8 (29... b4 30. Nc4)) 28... Rc8 {[%emt 0:03:50]}
29. b3 {[%emt 0:01:48]} Rc7 {[%emt 0:01:02]} 30. Rc1 {[%emt 0:00:52]} Rhc8 {
[%emt 0:02:46]} 31. Kb2 {[%emt 0:00:07]} Bg7 {[%emt 0:01:33]} 32. Kb1 {[%emt 0:
01:45]} Bc6 {[%emt 0:03:19]} (32... a5 $15) 33. Rd1 {[%emt 0:00:33]} Be8 {
[%emt 0:01:05]} 34. Bg4 {[%emt 0:00:44]} a5 {[%emt 0:01:20]} 35. f5 {[%emt 0:
02:00]} a4 {[%emt 0:00:47]} 36. fxe6 {[%emt 0:00:05]} fxe6 {[%emt 0:00:06]} 37.
Nf3 {[%emt 0:00:59]} Bg6 {[%emt 0:01:06]} 38. Nc3 {[%emt 0:00:18]} bxc4 {
[%emt 0:01:02]} 39. Rxd6 {[%emt 0:00:06]} cxb3 {[%emt 0:00:27]} 40. Rxe6+ {
[%emt 0:00:41]} Kf8 {[%emt 0:31:33]} 41. Nd5 {[%emt 0:05:19]} Nb5 {[%emt 0:00:
00]} 42. Nxc7 {[%emt 0:00:28]} Nc3+ {[%emt 0:00:00]} 43. Kc1 {[%emt 0:00:38]}
Nxd1 {[%emt 0:00:00]} 44. Kxd1 {[%emt 0:00:11]} Rxc7 {[%emt 0:00:00]} 45. Nxh4
{[%emt 0:00:39]} Bh7 {[%emt 0:00:24]} 46. Rb6 {[%emt 0:03:24]} Bxe4 {[%emt 0:
01:15]} 47. Nf5 {[%emt 0:02:33]} Kg8 {[%emt 0:00:05]} 48. Nd6 {[%emt 0:07:37]}
Bc2+ {[%emt 0:01:24]} 49. Ke2 {[%emt 0:00:05]} Bf8 {[%emt 0:01:09]} 50. Be6+ {
[%emt 0:01:40]} Kh7 {[%emt 0:00:31]} 51. Nc4 {[%emt 0:04:23]} Bc5 {[%emt 0:00:
32]} 52. Rb5 {[%emt 0:00:20]} Bd4 {[%emt 0:00:43]} 53. Bd5 {[%emt 0:07:04]} Bg6
{[%emt 0:00:11]} 54. Kf3 {[%emt 0:00:24]} Rd7 {[%emt 0:01:04]} 55. Be4 {
[%emt 0:02:14]} Bc3 {[%emt 0:00:20]} 56. Bxg6+ {[%emt 0:01:22]} Kxg6 {[%emt 0:
00:01]} 57. h4 {[%emt 0:00:07]} Rd4 {[%emt 0:01:01]} 58. h5+ {[%emt 0:00:04]}
Kf7 {[%emt 0:00:37]} 59. Ne3 {[%emt 0:01:33]} b2 {[%emt 0:00:32]} 60. h6 Rb4
61. axb4 b1=Q 62. h7 Kg7 63. Rb7+ Kh8 64. b5 Bd4 65. Ng4 Qf5+ 66. Kg3 Be5+ 67.
Nxe5 Qxe5+ 68. Kh3 a3 69. Ra7 Qe3+ 0-1

[Event "FRA-chT Top 12"]
[Site "Brest"]
[Date "2018.06.04"]
[Round "10"]
[White "Kosteniuk, Alexandra"]
[Black "Wagner, Dennis"]
[Result "1/2-1/2"]
[WhiteElo "2555"]
[BlackElo "2567"]
[PlyCount "102"]
[EventDate "2018.05.26"]
[EventType "team-tourn"]
[EventRounds "11"]
[EventCountry "FRA"]
[SourceTitle "EXT 2019"]
[Source "ChessBase"]
[SourceDate "2018.10.10"]
[SourceVersion "1"]
[SourceVersionDate "2018.10.10"]
[SourceQuality "1"]
[WhiteTeam "Clichy Echecs 92"]
[BlackTeam "Nice Alekhine"]
[WhiteTeamCountry "FRA"]
[BlackTeamCountry "FRA"]
[TimeControl "40/5400+30:1800+30"]

1. e4 {[%emt 0:05:22]} e5 {[%emt 0:00:07]} 2. Nf3 {[%emt 0:00:10]} Nc6 {
[%emt 0:00:07]} 3. Bc4 {[%emt 0:00:06]} Bc5 {[%emt 0:00:09]} 4. d3 {[%emt 0:00:
06]} Nf6 {[%emt 0:00:13]} 5. Bg5 {[%emt 0:00:07]} h6 {[%emt 0:02:43]} 6. Bh4 {
[%emt 0:02:31]} d6 {[%emt 0:06:08]} 7. c3 {[%emt 0:00:34]} g5 {[%emt 0:11:16]}
8. Bg3 {[%emt 0:00:10]} a6 {[%emt 0:00:03]} 9. a4 {[%emt 0:00:08]} Ba7 {
[%emt 0:00:08]} 10. Nbd2 {[%emt 0:00:12]} O-O {[%emt 0:03:07]} 11. h4 {[%emt 0:
00:11]} g4 {[%emt 0:00:36]} 12. Nh2 {[%emt 0:00:05]} Kg7 {[%emt 0:03:29]} 13.
Qe2 {[%emt 0:05:23]} Bd7 $146 {[%emt 0:19:36]} (13... Ne7 14. h5 Nxh5 15. Nxg4
Nxg3 16. fxg3 Ng8 17. Ne3 Qg5 18. Nef1 Ne7 19. Nf3 Qg6 20. O-O-O f5 21. Bb3 b5
{1/2-1/2 (21) Eljanov,P (2702)-Fressinet,L (2651) Brest 2018}) 14. Ndf1 {
[%emt 0:08:57]} b5 {[%emt 0:00:53]} 15. Bb3 {[%emt 0:02:56]} b4 {[%emt 0:02:39]
} 16. Ne3 {[%emt 0:05:13]} Rb8 {[%emt 0:00:05]} 17. Bd1 {[%emt 0:01:29]} bxc3 {
[%emt 0:01:43]} 18. bxc3 {[%emt 0:03:03]} h5 {[%emt 0:00:03]} 19. O-O {[%emt 0:
01:16]} Ne7 {[%emt 0:06:04]} 20. Qd2 {[%emt 0:07:22]} Nh7 {[%emt 0:05:40]} 21.
d4 {[%emt 0:02:35]} exd4 {[%emt 0:05:21]} 22. cxd4 {[%emt 0:00:06]} f5 {
[%emt 0:00:11]} 23. exf5 {[%emt 0:08:12]} Nxf5 {[%emt 0:00:10]} 24. Nxf5+ {
[%emt 0:00:19]} Bxf5 {[%emt 0:00:09]} 25. Be2 {[%emt 0:00:30]} Nf6 {[%emt 0:03:
41]} 26. Qg5+ {[%emt 0:06:06]} Bg6 {[%emt 0:00:08]} 27. Bf4 {[%emt 0:00:25]}
Ng8 {[%emt 0:13:03]} 28. Qxd8 {[%emt 0:02:23]} Rbxd8 {[%emt 0:00:46]} 29. Be3 {
[%emt 0:01:07]} a5 {[%emt 0:09:00]} 30. Rac1 {[%emt 0:01:23]} Rf7 {[%emt 0:00:
56]} 31. Rfe1 {[%emt 0:03:40]} Nh6 {[%emt 0:00:19]} 32. Bg5 {[%emt 0:08:29]} g3
{[%emt 0:05:47]} 33. fxg3 {[%emt 0:02:26]} Bxd4+ {[%emt 0:00:15]} 34. Kh1 {
[%emt 0:00:01]} Nf5 {[%emt 0:01:08]} 35. Nf1 {[%emt 0:01:00]} Re8 {[%emt 0:01:
09]} 36. Bc4 {[%emt 0:04:21]} Rxe1 {[%emt 0:00:02]} 37. Rxe1 {[%emt 0:00:04]}
Rf8 {[%emt 0:00:05]} 38. Kh2 {[%emt 0:01:34]} Rb8 {[%emt 0:01:37]} 39. Bd2 {
[%emt 0:01:28]} Ra8 {[%emt 0:00:49]} (39... c6 $15) 40. Kh3 {[%emt 0:02:02]} c6
{[%emt 0:30:31]} 41. Be6 {[%emt 0:35:56]} Be5 {[%emt 0:00:00]} 42. g4 {[%emt 0:
00:00]} hxg4+ {[%emt 0:00:00]} 43. Kxg4 {[%emt 0:00:00]} Nd4 {[%emt 0:00:00]}
44. h5 {[%emt 0:00:00]} Bxh5+ {[%emt 0:00:00]} 45. Kxh5 {[%emt 0:00:00]} Nxe6 {
[%emt 0:00:00]} 46. Ne3 {[%emt 0:00:00]} Nf4+ {[%emt 0:00:00]} 47. Kg5 {
[%emt 0:00:00]} Nd3 {[%emt 0:00:00]} 48. Rf1 {[%emt 0:00:00]} Rg8 {[%emt 0:00:
00]} 49. Ng4 {[%emt 0:00:00]} Kh7+ {[%emt 0:03:40]} 50. Kh5 {[%emt 0:00:00]}
Rg7 {[%emt 0:00:56]} 51. Rf3 {[%emt 0:00:00]} Nc5 {[%emt 0:00:04]} 1/2-1/2

[Event "FRA-chT Top 12"]
[Site "Brest"]
[Date "2018.06.05"]
[Round "11"]
[White "Cappon, John"]
[Black "Kosteniuk, Alexandra"]
[Result "0-1"]
[WhiteElo "2145"]
[BlackElo "2555"]
[PlyCount "96"]
[EventDate "2018.05.26"]
[EventType "team-tourn"]
[EventRounds "11"]
[EventCountry "FRA"]
[SourceTitle "EXT 2019"]
[Source "ChessBase"]
[SourceDate "2018.10.10"]
[SourceVersion "1"]
[SourceVersionDate "2018.10.10"]
[SourceQuality "1"]
[WhiteTeam "T H F Saint-Quentin"]
[BlackTeam "Clichy Echecs 92"]
[WhiteTeamCountry "FRA"]
[BlackTeamCountry "FRA"]
[TimeControl "40/5400+30:1800+30"]

1. e4 {[%emt 0:00:00]} c6 {[%emt 0:00:24]} 2. d4 {[%emt 0:00:00]} d5 {[%emt 0:
00:05]} 3. Nd2 {[%emt 0:00:25]} dxe4 {[%emt 0:00:11]} 4. Nxe4 {[%emt 0:00:06]}
Bf5 {[%emt 0:00:07]} 5. Ng3 {[%emt 0:00:07]} Bg6 {[%emt 0:00:06]} 6. f4 {
[%emt 0:00:07]} (6. h4) 6... e6 {[%emt 0:00:30]} 7. Nf3 {[%emt 0:00:59]} Bd6 {
[%emt 0:01:00]} 8. Bd3 {[%emt 0:02:55]} Ne7 {[%emt 0:00:41]} 9. O-O {[%emt 0:
00:20]} O-O {[%emt 0:02:31]} 10. Bxg6 {[%emt 0:01:43]} hxg6 {[%emt 0:02:23]}
11. c3 $146 {[%emt 0:07:05]} (11. Ne4 Qc7 12. Qe1 Rd8 13. Bd2 c5 14. dxc5 Bxc5+
15. Kh1 Nd7 16. Nfg5 Nf8 17. Nxc5 Qxc5 18. Bb4 Qc7 19. c4 a5 20. Ba3 Nf5 21. b3
{1/2-1/2 (21) Munoz Pantoja,M (2504)-Cervello Tost,F (2304) Barcelona 2018})
11... c5 {[%emt 0:08:27]} 12. Ne4 {[%emt 0:02:19]} cxd4 {[%emt 0:08:29]} 13.
Nxd6 {[%emt 0:02:07]} Qxd6 {[%emt 0:00:09]} 14. Qxd4 {[%emt 0:00:20]} Qc7 {
[%emt 0:00:18]} 15. Qe5 {[%emt 0:03:44]} Qb6+ {[%emt 0:03:35]} 16. Qd4 {
[%emt 0:06:12]} Qa6 {[%emt 0:00:17]} 17. Qf2 {[%emt 0:06:42]} Nd7 {[%emt 0:01:
20]} 18. Nd4 {[%emt 0:09:46]} Rfd8 {[%emt 0:07:28]} 19. Qe2 {[%emt 0:17:54]}
Qxe2 {[%emt 0:08:51]} 20. Nxe2 {[%emt 0:00:14]} Nb6 {[%emt 0:00:09]} 21. b3 {
[%emt 0:09:25]} Rd3 {[%emt 0:07:05]} 22. c4 {[%emt 0:04:40]} Nf5 {[%emt 0:00:
21]} 23. Ba3 {[%emt 0:11:37]} (23. g4 $11) 23... Rd2 {[%emt 0:12:15]} 24. Rfe1
{[%emt 0:03:02]} a5 {[%emt 0:00:12]} 25. Bc5 {[%emt 0:00:22]} Nd7 {[%emt 0:00:
05]} 26. Bf2 {[%emt 0:00:13]} Nf6 {[%emt 0:00:51]} 27. Nc3 {[%emt 0:01:36]} Ng4
{[%emt 0:07:04]} 28. Rf1 {[%emt 0:01:46]} Rad8 {[%emt 0:02:23]} 29. Ne4 {
[%emt 0:03:05]} Rc2 {[%emt 0:02:31]} 30. Rad1 {[%emt 0:00:31]} Rxd1 {[%emt 0:
02:36]} 31. Rxd1 {[%emt 0:00:05]} f6 {[%emt 0:00:02]} 32. Ra1 {[%emt 0:03:30]}
Re2 {[%emt 0:05:48]} 33. h3 {[%emt 0:00:35]} Nxf2 {[%emt 0:00:12]} 34. Nxf2 {
[%emt 0:00:06]} Ne3 {[%emt 0:00:02]} 35. g4 {[%emt 0:00:59]} b6 {[%emt 0:04:14]
} 36. Nd3 {[%emt 0:00:54]} Rg2+ {[%emt 0:02:04]} 37. Kh1 {[%emt 0:00:06]} Rd2 {
[%emt 0:00:03]} 38. Ne1 {[%emt 0:01:35]} Kf7 {[%emt 0:01:42]} 39. Nf3 {[%emt 0:
00:39]} Rf2 {[%emt 0:00:19]} 40. Nd4 {[%emt 0:01:33]} Rxf4 {[%emt 0:30:10]} 41.
Nb5 {[%emt 0:00:56]} Rf3 {[%emt 0:00:00]} 42. Kh2 {[%emt 0:02:51]} Rf2+ {
[%emt 0:00:00]} 43. Kg3 {[%emt 0:00:52]} Rd2 {[%emt 0:00:00]} 44. Re1 {[%emt 0:
03:23]} Nc2 {[%emt 0:00:00]} 45. Rf1 {[%emt 0:05:00]} Nb4 {[%emt 0:00:00]} 46.
a3 {[%emt 0:01:06]} Nc6 {[%emt 0:00:00]} 47. Rf3 {[%emt 0:00:32]} e5 {[%emt 0:
00:00]} 48. Re3 {[%emt 0:01:04]} f5 {[%emt 0:00:00]} 0-1